| 000 | 00408nam a2200145Ia 4500 | ||
|---|---|---|---|
| 008 | 230917s9999||||xx |||||||||||||| ||und|| | ||
| 040 |
_e177635 _aMAIN |
||
| 041 | _aEnglish | ||
| 082 | _a891.431741 AA89G | ||
| 100 | _aअरविंदाक्षन, ए | ||
| 245 | 0 | _aधोडा़ | |
| 260 |
_aनई दिल्ली _bराधाकृष्ण _c1998 |
||
| 300 | _a107 पृ. p. | ||
| 942 | _cHN | ||
| 999 |
_c92315 _d92315 |
||